Statistics for Famous Numbers

Click here to take the quiz!

General Stats

  • This quiz has been taken 1,059 times
  • The average score is 6 of 12

Answer Stats

HintAnswer% Correct
3.141....Pi
98%
Only number to be neither postive nor negativeZero
97%
'Number' that can never be reached no matter how high you goInfinity
88%
666Number of the Beast
88%
10^100Googol
61%
Type of number you get if you take the Square Root of a negativeImaginary Number
48%
1 : 1.618...Golden Ratio
39%
6.02*10^23Avogadro Constant
31%
2.718...Euler's Number
31%
6.283...Tau
9%
6.673*10^(-11)Gravitational Constant
7%
6174Kaprekar's Constant
3%

Score Distribution

Percentile by Number Answered

Percent of People with Each Score

Your Score History

You have not taken this quiz